Visualizzazione normale
Vista MARC
- Prisciandaro Vittoria, Grillo Andrea
di Personal Name
Records bibliografici associati: 1
001 - CONTROL NUMBER
- control field: 60623
003 - CONTROL NUMBER IDENTIFIER
- control field:
005 - DATE AND TIME OF LATEST TRANSACTION
- control field: 20240416164258.0
008 - FIXED-LENGTH DATA ELEMENTS
- fixed length control field: 240416|| aca||aabn | a|a d
040 ## - CATALOGING SOURCE
- Original cataloging agency:
- Transcribing agency:
100 ## - HEADING--PERSONAL NAME
- Personal name: Prisciandaro Vittoria, Grillo Andrea
670 ## - SOURCE DATA FOUND
- Source citation: Work cat.: ()360032: Prisciandaro Vittoria, Grillo Andrea, La lunga marcia delle donne, 2024